[Event "Poznan op 27th"]
[Site "Poznan"]
[Date "2019.08.25"]
[Round "9"]
[White "Ciesielski, Marceli"]
[Black "Ograbek, Grzegorz"]
[Result "1/2-1/2"]
[WhiteElo "1688"]
[BlackElo "2137"]
[PlyCount "68"]
[EventDate "2019.08.18"]
[EventType "swiss"]
[EventRounds "9"]
[EventCountry "POL"]
[SourceTitle "EXT 2020"]
[Source "ChessBase"]
[SourceDate "2019.10.17"]
[SourceVersion "1"]
[SourceVersionDate "2019.10.17"]
[SourceQuality "1"]

1. d4 Nf6 2. Bf4 d6 3. Nc3 g6 4. e4 c6 5. Qd2 b5 6. a3 a6 7. Nf3 Bg4 8. 0-0-0 d5 9. h3 Bxf3 10. gxf3 Nbd7 11. Qe3 e6 12. h4 b4 13. axb4 Bxb4 14. h5 Rg8 15. hxg6 hxg6 16. Bh3 Qa5 17. Nb1 0-0-0 18. Bg5 Rde8 19. c3 Be7 20. e5 Nh5 21. Bg4 Bxg5 22. Qxg5 Ng7 23. Qf4 Ref8 24. Rh7 Qd8 25. Nd2 Qe7 26. Kc2 Ne8 27. Ra1 Nc7 28. Nb3 Rh8 29. Rah1 Rxh7 30. Rxh7 Kb7 31. Qh6 Qd8 32. Qf4 Qe7 33. Qh6 Qd8 34. Qf4 Qe7 1/2-1/2

[Event "Poznan op 27th"]
[Site "Poznan"]
[Date "2019.08.24"]
[Round "8"]
[White "Ograbek, Grzegorz"]
[Black "Sandberg, Martin"]
[Result "1-0"]
[WhiteElo "2137"]
[BlackElo "1867"]
[PlyCount "57"]
[EventDate "2019.08.18"]
[EventType "swiss"]
[EventRounds "9"]
[EventCountry "POL"]
[SourceTitle "EXT 2020"]
[Source "ChessBase"]
[SourceDate "2019.10.17"]
[SourceVersion "1"]
[SourceVersionDate "2019.10.17"]
[SourceQuality "1"]

1. d4 d5 2. c4 c6 3. e3 Nf6 4. Nc3 a6 5. a4 e6 6. Bd3 Bd6 7. Nf3 0-0 8. 0-0 Nbd7 9. e4 dxe4 10. Nxe4 Nxe4 11. Bxe4 Nf6 12. Bc2 b6 13. Bg5 Bb7 14. Qd3 g6 15. Rad1 Be7 16. Qe3 Re8 17. Rfe1 Qc7 18. Ne5 Qd8 19. Qf4 Rf8 20. Qf3 Rc8 21. Bh6 Re8 22. Be4 Bf8 23. Bg5 Be7 24. Bxc6 Bxc6 25. Nxc6 Rxc6 26. Qxc6 Qb8 27. Qf3 Qd8 28. d5 Nh5 29. dxe6 1-0

[Event "EU-chT Seniors 50"]
[Site "Walbrzych"]
[Date "2018.04.22"]
[Round "9.1"]
[White "Pastor Alonso de Prado, Emilio Alberto"]
[Black "Ograbek, Grzegorz"]
[Result "1/2-1/2"]
[WhiteElo "2162"]
[BlackElo "2140"]
[PlyCount "81"]
[EventDate "2018.04.14"]
[EventType "team-swiss"]
[EventRounds "9"]
[EventCountry "POL"]
[SourceTitle "CBM 184 Extra"]
[Source "ChessBase"]
[SourceDate "2018.06.28"]
[SourceVersion "1"]
[SourceVersionDate "2018.06.28"]
[SourceQuality "1"]
[WhiteTeam "Spain Ruy Lopez 50"]
[BlackTeam "Poland Wschowa 50"]
[WhiteTeamCountry "ESP"]
[BlackTeamCountry "POL"]

1. e4 e6 2. d4 d5 3. e5 c5 4. c3 Nc6 5. Nf3 Nge7 6. Na3 cxd4 7. cxd4 Nf5 8. Nc2 Nb4 9. Ne3 Qb6 10. Be2 Bd7 11. a3 Nc6 12. Nxf5 exf5 13. h4 Be7 14. b4 Be6 15. Bf4 Rc8 16. g3 a6 17. Rc1 0-0 18. 0-0 Na7 19. Bg5 Rxc1 20. Qxc1 Rc8 21. Qe3 Bf8 22. Rc1 Rxc1+ 23. Qxc1 Bd7 24. h5 h6 25. Bf4 a5 26. bxa5 Qxa5 27. Qb1 b5 28. Bd3 Qxa3 29. Nh4 b4 30. Bxf5 Bxf5 31. Nxf5 Qa6 32. Nd6 Nc6 33. Qf5 Bxd6 34. exd6 b3 35. Bc1 Nxd4 36. Qxd5 Qa1 37. Kg2 Qxc1 38. d7 Ne6 39. d8Q+ Nxd8 40. Qxd8+ Kh7 41. Qd3+ 1/2-1/2

[Event "EU-chT Seniors 50"]
[Site "Walbrzych"]
[Date "2018.04.16"]
[Round "3.1"]
[White "Rooze, Jan"]
[Black "Ograbek, Grzegorz"]
[Result "1-0"]
[WhiteElo "2307"]
[BlackElo "2140"]
[PlyCount "73"]
[EventDate "2018.04.14"]
[EventType "team-swiss"]
[EventRounds "9"]
[EventCountry "POL"]
[SourceTitle "CBM 184 Extra"]
[Source "ChessBase"]
[SourceDate "2018.06.28"]
[SourceVersion "1"]
[SourceVersionDate "2018.06.28"]
[SourceQuality "1"]
[WhiteTeam "Belgium VSF 50"]
[BlackTeam "Poland Wschowa 50"]
[WhiteTeamCountry "BEL"]
[BlackTeamCountry "POL"]

1. e4 e6 2. d4 d5 3. Nc3 Nf6 4. e5 Nfd7 5. f4 c5 6. Nf3 Nc6 7. Be3 cxd4 8. Nxd4 Bc5 9. Qd2 Bxd4 10. Bxd4 Nxd4 11. Qxd4 Qb6 12. 0-0-0 Qxd4 13. Rxd4 Nb6 14. Nb5 Ke7 15. Rd2 Bd7 16. Nd4 Rac8 17. Be2 h5 18. Rf1 g6 19. b3 Rc7 20. h3 a6 21. Bd3 Rcc8 22. g3 Rcg8 23. Rdf2 Be8 24. Kd2 Nd7 25. Nf3 Nc5 26. Ke3 Bb5 27. Nd4 Bxd3 28. cxd3 Rc8 29. Rc2 Nd7 30. Rfc1 Rxc2 31. Rxc2 Rb8 32. Nf3 Nb6 33. Rc7+ Nd7 34. Ng5 Kd8 35. Rc2 Ke7 36. Kd4 Rh8 37. Rc7 1-0

[Event "EU-chT Seniors 50"]
[Site "Walbrzych"]
[Date "2018.04.15"]
[Round "2.1"]
[White "Roth, Martin"]
[Black "Ograbek, Grzegorz"]
[Result "0-1"]
[WhiteElo "2008"]
[BlackElo "2140"]
[PlyCount "67"]
[EventDate "2018.04.14"]
[EventType "team-swiss"]
[EventRounds "9"]
[EventCountry "POL"]
[SourceTitle "CBM 184 Extra"]
[Source "ChessBase"]
[SourceDate "2018.06.28"]
[SourceVersion "1"]
[SourceVersionDate "2018.06.28"]
[SourceQuality "1"]
[WhiteTeam "Switzerland Spiez 50"]
[BlackTeam "Poland Wschowa 50"]
[WhiteTeamCountry "SUI"]
[BlackTeamCountry "POL"]

1. e4 e6 2. d4 d5 3. Nc3 Nf6 4. Bg5 dxe4 5. Nxe4 Be7 6. Nxf6+ gxf6 7. Bf4 c5 8. dxc5 Qxd1+ 9. Rxd1 Bxc5 10. Bd6 Bxd6 11. Rxd6 Bd7 12. Be2 Nc6 13. c3 Rg8 14. g3 Ne5 15. f3 Bc6 16. Kf2 Bd5 17. Bb5+ Ke7 18. Rxd5 exd5 19. Ne2 a6 20. Ba4 Nd3+ 21. Kg2 Nxb2 22. Bc2 Kd6 23. Bxh7 Rge8 24. Nd4 b5 25. Bf5 Re3 26. Rb1 Na4 27. Bc2 Rxc3 28. Bxa4 bxa4 29. Rd1 Rb8 30. Rd2 a3 31. Kf2 Rb2 32. Ke2 Kc5 33. Nb3+ Rcxb3 34. axb3 0-1

[Event "EU-ch rapid"]
[Site "Wroclaw"]
[Date "2014.12.20"]
[Round "2"]
[White "Swiercz, Dariusz"]
[Black "Ograbek, Grzegorz"]
[Result "1-0"]
[WhiteElo "2616"]
[BlackElo "2125"]
[PlyCount "109"]
[EventDate "2014.12.20"]
[EventType "swiss (rapid)"]
[EventRounds "11"]
[EventCountry "POL"]
[SourceTitle "CBM 164 Extra"]
[Source "ChessBase"]
[SourceDate "2015.03.02"]
[SourceVersion "1"]
[SourceVersionDate "2015.03.02"]
[SourceQuality "1"]

1. d4 Nf6 2. Bg5 g6 3. Bxf6 exf6 4. g3 Bg7 5. Bg2 d5 6. e3 0-0 7. Ne2 c6 8. Nd2 Nd7 9. c4 dxc4 10. Nxc4 Nb6 11. Qc1 Re8 12. 0-0 Be6 13. Na5 Qd7 14. Nf4 f5 15. b4 Bd5 16. Nxd5 Nxd5 17. Rb1 Re7 18. b5 cxb5 19. Qc5 Rd8 20. Bxd5 b6 21. Qxb5 bxa5 22. Bc6 Qd6 23. Qxa5 Bf6 24. Bf3 Rc7 25. Rfc1 Rdc8 26. Rxc7 Qxc7 27. Qxc7 Rxc7 28. Bd1 Kg7 29. Kf1 Be7 30. Ke2 Bd6 31. Rb5 h5 32. h4 Kf6 33. Bb3 Re7 34. Kd3 Bc7 35. a4 Rd7 36. Rb7 a5 37. Bc4 Re7 38. Rb5 Rd7 39. Rc5 Re7 40. Rc6+ Kg7 41. Ra6 Kf8 42. Bb5 Re6 43. Ra7 Re7 44. d5 Kg7 45. Ra6 Re5 46. Kd4 Re4+ 47. Kc5 Rb4 48. d6 Bd8 49. Ra8 Bf6 50. d7 Rb2 51. d8Q Rc2+ 52. Kb6 Bxd8+ 53. Rxd8 Rxf2 54. Kxa5 Rf3 55. Kb6 1-0